00493nam a2200181Ia 4500008004100000020001800041082000800059100002800067245002100095250000600116260002900122300001000151500002400161650001200185942000700197952009000204999001700294230524s9999 xx 000 0 und d a9788183711586 bRAT aAmiya Kumar Rath942113 0aProgramming IN C a1 aNew DelhibScitechc2009 a1-5p; aQuantity Number: 1 aComp-Sc cBK 00104070aTATCLbTATCLcGENd2023-05-24l0o RATp53941r2023-05-24w2023-05-24yBK c56516d56516